Normal view
MARC view
- Penney, David E.
Entry Personal Name
001 - CONTROL NUMBER
- control field: 690
003 - CONTROL NUMBER IDENTIFIER
- control field: NUST
005 - DATE AND TIME OF LATEST TRANSACTION
- control field: 20170515111237.0
008 - FIXED-LENGTH DATA ELEMENTS
- fixed length control field: 170515|| aca||aabn | a|a d
040 ## - CATALOGING SOURCE
- Original cataloging agency: NUST
- Transcribing agency: NUST
100 ## - HEADING--PERSONAL NAME
- Personal name: Penney, David E.
670 ## - SOURCE DATA FOUND
- Source citation: Work cat.: (NUST)0: Edwards, C. Henry (Charles Henry), 1937- 687, Elementary differential equations with boundary value problems /, c2008.
